000 00457nam a2200193Ia 4500
005 20230821103732.0
008 131103s9999 xx 000 0 und d
020 _a380503026
040 _aLoreto College
041 _aEnglish
082 _aF
_bGRE
100 _aGreene,Graham
245 4 _aThe Human factor
_cGraham Greene
260 _aNew York
_bAvon
_c1978
300 _a302 p.
650 _aFiction in English
850 _aLCLIB
942 _cBK
999 _c15368
_d65847